00338nam a2200133Ia 4500008004100000082001600041100002200057245004200079250000800121260002800129300001100157500002400168650001200192230524s9999 xx 000 0 und d a401.11bBIR aBinakishore Panda 4aThe Complete 21st Century Dictionary a1ST aNEW DELHIbAjantac2003 aIV;724 aQuantity Number: 1 aEnglish